Basic electrical measurements

Guardado en:
Bibliografiske detaljer
Hovedforfatter: Stout, Melville Bigham, n. 1895
Format: Bog
Sprog:English
Udgivet: Englewood Cliffs, N.J. : Prentice Hall, 1960.
Udgivelse:2
Serier:Prentice-Hall electrical engineering series
Fag:
Tags: Tilføj Tag
Ingen Tags, Vær først til at tagge denne postø!

MARC

LEADER 00000nam a2200000Ia 4500
003 000568
005 20221231143939.0
008 140114s1960 njua 000 ||eng d
040 |c cru CEDI 
082 |a 621.37 S889b2 
100 |a Stout, Melville Bigham, n. 1895  |9 19358 
245 |a Basic electrical measurements 
250 |a 2 
260 |a Englewood Cliffs, N.J. : Prentice Hall,  |c  1960. 
300 |a  371 páginas : ilustraciones ; 24 cm. 
440 |a  Prentice-Hall electrical engineering series   |9 19153 
650 |x ELECTRICIDAD - MEDICIONES  |9 19359 
942 |2 ddc  |c BK 
999 |c 14643  |d 14643